000 00314nam a2200109Ia 4500
008 220204s9999 xx 000 0 und d
082 _a678.065(047)
_bMAN
100 _aK T
245 0 _aIn-plant training report at Apollo tyres Ltd, Kerala, 7th May to 2nd July, 1982
260 _aKharagput
_bIIT
_c1982
942 _cBK
999 _c43460
_d43460